Cẩm nang sử dụng internet

Đã lưu trong:
Bibliografiske detaljer
Hovedforfatter: LƯƠNG QUỲNH MAI
Format: Bog
Sprog:Undetermined
Udgivet: Trẻ 2001
Tags: Tilføj Tag
Ingen Tags, Vær først til at tagge denne postø!
Thư viện lưu trữ: Trung tâm Học liệu Trường Đại học Cần Thơ
LEADER 00418nam a2200145Ia 4500
001 CTU_48351
008 210402s9999 xx 000 0 und d
082 |a 004.678 
082 |b M103 
100 |a LƯƠNG QUỲNH MAI 
245 0 |a Cẩm nang sử dụng internet 
245 0 |c LƯƠNG QUỲNH MAI, Trần Lan Anh 
260 |b Trẻ 
260 |c 2001 
980 |a Trung tâm Học liệu Trường Đại học Cần Thơ